| 000 | 00523nam a2200181Ia 4500 | ||
|---|---|---|---|
| 005 | 20250508150246.0 | ||
| 008 | 008 250505s9999 xx 000 0 eng d | ||
| 037 | _aBooks to be hide in OPAC | ||
| 040 |
_aFEDL _beng _cFEDL |
||
| 041 |
_aeng _2eng |
||
| 084 |
_a500, ROW/O _qFEDL |
||
| 100 |
_aRowland T J S _9756192 |
||
| 245 | 0 | _aMore living things for lively youngsters | |
| 260 |
_aLondon, UK _bCassell and Company Ltd. _c1947 |
||
| 300 | _a127p | ||
| 942 |
_cHB _h500, ROW/O |
||
| 999 |
_c1322686 _d1322686 |
||